000 00705nam a2200217 a 4500
999 _c6108
_d6108
001 6108
003 BD-JhCC
005 20180101194607.0
008 180101s1987 bg ||||| |||| 00| 0 ben d
035 _a(BD-JhCC)6108
040 _aBD-JhCC
_dBD-JhCC
041 _aben
082 _a297.1228
_bSHA 1987
100 _aশফীউল্লাহ, মুহম্মদ
245 _aকুরআনের আলোকে বিজ্ঞান /
_cমুহম্মদ শফীউল্লাহ
260 _aঢাকা:
_bইসলামিক ফাউন্ডেশন বাংলাদেশ,
_c1987.
300 _a143 p. :
_c21 cm.
650 _aAl-Quran
942 _2ddc
_cBK